| 000 | 00744nac a22001931u 4500 | ||
|---|---|---|---|
| 010 | _a2003062313 | ||
| 020 | _a8129707012 | ||
| 082 | 0 | 0 |
_a658.8342 _bS6891 |
| 090 |
_c1205 _d1205 |
||
| 100 | _aSolomon, Michael R. | ||
| 245 | 1 | 0 |
_aConsumer behavior : _bbuying, having, and being / _cMichael R. Solomon. |
| 250 | _a6th ed. | ||
| 260 |
_aNew Delhi : _bPearson Education, _cc2004. |
||
| 300 |
_axviii, 621 p. : _bcol. ill., col. maps ; _c29 cm. |
||
| 504 | _aIncludes bibliographical references and indexes. | ||
| 650 | 0 | _aConsumer behavior. | |
| 942 |
_cBB _k658.8342S6891 |
||
| 999 |
_c1205 _d1205 |
||